L'evaluation des programmes pour l'emploi, la formation et la protection sociale.

Syntetická správa o výskume OECD uverejnená v r. 1991, v ktorej sa zdôrazňujú štyri otázky: čo hodnotiť, ako kedy a kto má hodnotiť. Hodnotenie politických cieľov. Metodologické aspekty toho, ako hodnotiť - experimentálny a neexperimentálny prístup. (OECD, L'evaluation des programmes pour l'emploi e...

Ausführliche Beschreibung

Gespeichert in:
Bibliographische Detailangaben
Format: Buchkapitel
Sprache:Französisch
Schlagworte:
Tags: Tag hinzufügen
Keine Tags, Fügen Sie das erste Tag hinzu!

MARC

LEADER 00000naa a2200000 4500
001 r008622
005 20220913125109.3
041 0 |a fre 
044 |a FR 
245 1 0 |a L'evaluation des programmes pour l'emploi, la formation et la protection sociale. 
520 |a Syntetická správa o výskume OECD uverejnená v r. 1991, v ktorej sa zdôrazňujú štyri otázky: čo hodnotiť, ako kedy a kto má hodnotiť. Hodnotenie politických cieľov. Metodologické aspekty toho, ako hodnotiť - experimentálny a neexperimentálny prístup. (OECD, L'evaluation des programmes pour l'emploi et des mesures sociales 1991). 
610 2 0 |a zamestnanosť 
610 2 0 |a programy sociálne 
610 2 0 |a výchova 
610 2 0 |a ochrana pracovníkov 
610 2 0 |a starostlivosť sociálna 
610 2 0 |a OECD 
610 2 0 |a 1991 
610 2 0 |a trh práce